000 00302nam a22001337a 4500
008 170627b xxu||||| |||| 00| 0 eng d
020 _a0521259185
041 _aeng
080 _a32
100 _a21
101 _aSHP
245 _aTHE POLITICS OF THE WORLD-ECONOMY
_cWALLERSTEIN,I
942 _2udc
_cBK
999 _c19145
_d19145